Оцінні поняття в кримінально-процесуальному праві України (Запис № 458699)

МАРК-запис
000 -Лідер
fixed length control field 03463nam a22002657a 4500
001 - Контрольний номер
control field 5150453
003 - Ідентифікатор контрольного номера
control field UA-OsUOA
005 - Дата та час останнього входження (трансакції)
control field 20201109110609.0
008 - Елементи даних фіксованої довжини – загальна інформація
fixed length control field 200403b un ||||| m||| 00| 0 ukr d
040 ## - Джерело каталогізації
Агенція оригінальної каталогізації UA-OsUOA
Мова каталогізації ukr
Агенція, яка здійснювала перезапис UA-OsUOA
Агенція, яка здійснювала модифікацію UA-OsUOA
041 ## - Код мови
Код мови тексту/ звукової доріжки чи окремого заголовка (П) ukr
080 ## - Індекс Універсальної десяткової класифікації
Індекс Універсальної десяткової класифікації (УДК) (НП) 343.13(477)
090 ## - Локальний шифр розміщення
Класифікаційний індекс УДК 343.13(477)
095 ## - Код спеціальності для авторефератів
Код спеціальності 12.00.09
Назва спеціальності кримінальний процес та криміналістика; судова експертиза; оперативно-розшукова діяльність
100 ## - Основне введення – ім’я особи
Ім’я особи (НП) Рибалко В. О.
245 ## - Відомості про назву
Назва (НП) Оцінні поняття в кримінально-процесуальному праві України
Дані про відповідальність (НП) Рибалко Володимир Орестович ; наук. керівник Навроцька Віра Вячеславівна
260 ## - Публікація, розповсюдження і т.п. (Вихідні дані)
Місце публікації, розповсюдження і т.п. (П) Запоріжжя
Дата публікації, розповсюдження і т.п. (П) 2016
300 ## - Фізичний опис
Обсяг 20 с.
502 ## - Примітка про дисертацію
Зв'язок Автореферат дисертації на здобуття наукового ступеня кандидата юридичних наук<br/>
Наймення інституції, що представляється Класичний приватний університет
Рік отримання вченого ступеня 2016
520 ## - Резюме і т.п.
Резюме, реферат, анотація, тощо (НП) У дисертації оцінні поняття розглянуто як неконкретизовані в кримінальному процесуальному законодавстві поняття, зміст і обсяг яких визначають відповідно до конкретних обставин справи.<br/>Досліджено доктринальні основи використання оцінних понять у кримінальному процесуальному праві України. Проаналізовано сучасні концепції оцінних понять, теорію та практику їх закріплення в кримінальних процесуальних нормах. Узагальнено правозастосовні помилки в тлумаченні оцінних понять та заходи щодо запобігання їм. Розкрито особливості реалізації оцінних понять для правової регламентації запобіжних заходів, регламентації порядку об’єднання та виділення матеріалів кримінального провадження, регламентації кримінального провадження на підставі угод. Розроблено науково обґрунтовані рекомендації щодо оптимізації їх застосування. <br/>На підставі аналізу положень кримінального процесуального законодавства України й окремих зарубіжних держав, прецедентної практики ЄСПЛ висунуто низку положень, а також обґрунтовано пропозиції щодо внесення змін і доповнень до чинного Кримінального процесуального кодексу України.
650 ## - Додаткове предметне введення – тематичний термін
Джерело заголовка чи терміна UDC
Тематичний термін чи географічна назва, як елемент введення (НП) 343 Кримінальне право. Карні порушення
942 ## - Додаткові елементи входу (Коха)
Source of classification or shelving scheme Universal Decimal Classification
Тип елемента Koha Автореферат
955 ## - Код типу видання за змістом
Код типу видання за змістом (НП) Наукові видання

Немає доступних примірників.